000 00626nam a2200181 a 4500
005 20140412111245.0
008 000904s19uu xx 00 eng d
020 _a0-517-06559-2
050 _aREF 930
_bO 1992
100 _aO'Neill, Amanda
245 _aHistorical facts-ancient times :
_ba journey from the dawn of history to the glory or Rome /
_cAmanda O'Neill.
260 _aNew York :
_bCrescent Books,
_c1992.
300 _a108 p.
440 _aHistorical Facts
520 _aLooking at the ancient world does not mean dry bones, ruins and dusty inscriptions.
650 _aHistory
_xancient times
999 _c102888
_d102888